Management : Leading & collaborating in a competitive world
Bateman and Snell have consistently discussed and explained the traditional, functional approach to management through planning (delivering strategic value), organizing (building a dynamic organization), leading (mobilizing people), and controlling (learning and changing). Management: Leading And Co...
保存先:
| 第一著者: | |
|---|---|
| フォーマット: | 図書 |
| 言語: | Undetermined |
| 出版事項: |
Boston
McGraw-Hill
2007
|
| 主題: | |
| タグ: |
タグ追加
タグなし, このレコードへの初めてのタグを付けませんか!
|
| Thư viện lưu trữ: | Trung tâm Học liệu Trường Đại học Cần Thơ |
|---|
| LEADER | 01255nam a2200217Ia 4500 | ||
|---|---|---|---|
| 001 | CTU_138430 | ||
| 008 | 210402s9999 xx 000 0 und d | ||
| 020 | |c 135.66 | ||
| 082 | |a 658 | ||
| 082 | |b B328 | ||
| 100 | |a Bateman, Thomas S. | ||
| 245 | 0 | |a Management : | |
| 245 | 0 | |b Leading & collaborating in a competitive world | |
| 245 | 0 | |c Thomas S. Bateman, Scott A. Snell | |
| 260 | |a Boston | ||
| 260 | |b McGraw-Hill | ||
| 260 | |c 2007 | ||
| 520 | |a Bateman and Snell have consistently discussed and explained the traditional, functional approach to management through planning (delivering strategic value), organizing (building a dynamic organization), leading (mobilizing people), and controlling (learning and changing). Management: Leading And Collaborating in a Competitive World retains its series of "firsts": first to have a chapter on diversity, first to devote a section to the natural environment, and first to relate a "bricks and clicks" theme to explain the challenges of managing in a New Economy. This new edition is no exception with an emphasis on leadership and collaboration as a means to success. | ||
| 650 | |a Management,Quản lí | ||
| 904 | |i Chiêm Minh Lý | ||
| 980 | |a Trung tâm Học liệu Trường Đại học Cần Thơ | ||